Le Nouveau Taxi! A2: Méthode De Francais
Sparad:
| Materialtyp: | Bok |
|---|---|
| Språk: | Undetermined |
| Publicerad: |
Paris
Hachette
2014
|
| Ämnen: | |
| Taggar: |
Lägg till en tagg
Inga taggar, Lägg till första taggen!
|
| Thư viện lưu trữ: | Trung tâm Học liệu Trường Đại học Cần Thơ |
|---|
| LEADER | 00699nam a2200229Ia 4500 | ||
|---|---|---|---|
| 001 | CTU_208169 | ||
| 008 | 210402s9999 xx 000 0 und d | ||
| 020 | |c 323000 | ||
| 082 | |a 448.34 | ||
| 082 | |b N934/A2 | ||
| 245 | 0 | |a Le Nouveau Taxi! A2: | |
| 245 | 0 | |b Méthode De Francais | |
| 245 | 0 | |c Robert Menand | |
| 260 | |a Paris | ||
| 260 | |b Hachette | ||
| 260 | |c 2014 | ||
| 526 | |a Pháp văn tăng cường 2 (*),Pháp văn tăng cường 3 (*) | ||
| 526 | |b FL008,FL009 | ||
| 650 | |a Tiếng Pháp,French language | ||
| 650 | |x Đàm thoại và mẫu câu,Conversation and phrase books | ||
| 904 | |i Hải | ||
| 980 | |a Trung tâm Học liệu Trường Đại học Cần Thơ | ||